000 00314nam a2200121Ia 4500
005 20260328104315.0
008 260328s9999||||xx |||||||||||||| ||und||
100 _aDe Carlo, Giancarlo
245 0 _aArchitettura Citta Universitá /
_cGiancarlo De Carlo
260 _bAlinea
650 _aARQUITECTURA
942 _cBK
999 _c11129
_d11129